[Event "Malmo op"]
[Site "Malmo"]
[Date "2019.12.14"]
[Round "6"]
[White "Kristensen, Kaare Hove"]
[Black "Ottenklev, Niclas"]
[Result "1-0"]
[WhiteElo "2335"]
[BlackElo "2192"]
[PlyCount "89"]
[EventDate "2019.12.13"]
[EventType "swiss"]
[EventRounds "8"]
[EventCountry "SWE"]
[SourceTitle "CBM 193 Extra"]
[Source "ChessBase"]
[SourceDate "2020.01.31"]
[SourceVersion "1"]
[SourceVersionDate "2020.01.31"]
[SourceQuality "1"]

1. Nf3 f5 2. e4 fxe4 3. Ng5 Nf6 4. d3 Nc6 5. Nc3 e3 6. Bxe3 d5 7. d4 Bf5 8. Bd3 Qd7 9. 0-0 h6 10. Nf3 0-0-0 11. Bf4 a6 12. a3 Bg4 13. Be2 Qf5 14. Bg3 Bxf3 15. Bxf3 e5 16. dxe5 Nxe5 17. Bxe5 Qxe5 18. Re1 Qg5 19. Qd4 Bd6 20. Rad1 c6 21. Na4 Rhe8 22. Nc5 Bxc5 23. Qxc5 Rxe1+ 24. Rxe1 Re8 25. Rxe8+ Nxe8 26. g3 Qf6 27. Kg2 Qd6 28. Qxd6 Nxd6 29. Be2 Kc7 30. f4 c5 31. Kf3 Kd7 32. h4 Ke6 33. g4 b5 34. b4 c4 35. Ke3 Ne4 36. Bf3 Nc3 37. Kd4 Nb1 38. Bxd5+ Kd6 39. Bb7 Nxa3 40. c3 a5 41. bxa5 Nc2+ 42. Ke4 Kc5 43. g5 b4 44. cxb4+ Nxb4 45. a6 1-0

[Event "SWE-chT 1819 Elite"]
[Site "Sweden"]
[Date "2019.03.29"]
[Round "7.2"]
[White "Ottenklev, Niclas"]
[Black "Bellon Lopez, Juan Manuel"]
[Result "0-1"]
[WhiteElo "2144"]
[BlackElo "2337"]
[PlyCount "84"]
[EventDate "2018.11.09"]
[EventType "team-tourn"]
[EventRounds "9"]
[EventCountry "SWE"]
[SourceTitle "CBM 189 Extra"]
[Source "ChessBase"]
[SourceDate "2019.06.03"]
[SourceVersion "1"]
[SourceVersionDate "2019.06.03"]
[SourceQuality "1"]
[WhiteTeam "Norrkoping Schack 08"]
[BlackTeam "Wasa"]
[WhiteTeamCountry "SWE"]
[BlackTeamCountry "SWE"]

1. e4 c5 2. b3 b6 3. Bb2 Bb7 4. Nc3 d6 5. Nf3 e5 6. Bc4 Nc6 7. 0-0 a6 8. a4 g6 9. Nd5 Bg7 10. Ne1 Nf6 11. f4 0-0 12. Nxf6+ Bxf6 13. f5 Kg7 14. Qg4 Nd4 15. c3 b5 16. cxd4 bxc4 17. dxe5 dxe5 18. bxc4 Qxd2 19. Rf2 Qe3 20. Qe2 Qxe4 21. fxg6 fxg6 22. Qxe4 Bxe4 23. Re2 Rfb8 24. Rd1 Rb4 25. Rd7+ Kg8 26. Rxe4 Rxb2 27. Nd3 Ra2 28. Nxc5 Rb8 29. Rb7 Rxb7 30. Nxb7 Rxa4 31. Nc5 Ra1+ 32. Kf2 Kf7 33. Nd3 Ke6 34. c5 Kd5 35. Rb4 Be7 36. Rb7 Bxc5+ 37. Nxc5 Kxc5 38. Rxh7 a5 39. Rg7 a4 40. Rxg6 a3 41. Ra6 a2 42. g4 Rh1 0-1

[Event "SWE-chT 1819 Elite"]
[Site "Sweden"]
[Date "2019.01.12"]
[Round "4.3"]
[White "Ottenklev, Niclas"]
[Black "Jepson, Christian"]
[Result "0-1"]
[WhiteElo "2144"]
[BlackElo "2402"]
[PlyCount "72"]
[EventDate "2018.11.09"]
[EventType "team-tourn"]
[EventRounds "9"]
[EventCountry "SWE"]
[SourceTitle "CBM 189 Extra"]
[Source "ChessBase"]
[SourceDate "2019.06.03"]
[SourceVersion "1"]
[SourceVersionDate "2019.06.03"]
[SourceQuality "1"]
[WhiteTeam "Norrkoping Schack 08"]
[BlackTeam "Limhamn"]
[WhiteTeamCountry "SWE"]
[BlackTeamCountry "SWE"]

1. e4 d6 2. d4 Nf6 3. Nc3 g6 4. Be3 c6 5. f3 Nbd7 6. Qd2 b5 7. Nge2 h5 8. h4 Bg7 9. g3 Bb7 10. Bh3 Qc7 11. 0-0 Rd8 12. a3 a6 13. Nf4 c5 14. Qf2 cxd4 15. Bxd4 e5 16. Bxd7+ Qxd7 17. Bb6 exf4 18. Bxd8 Qxd8 19. gxf4 0-0 20. Rad1 Ne8 21. Rd3 Qf6 22. Qa7 Bc8 23. Nd5 Qxh4 24. Qf2 Qxf2+ 25. Kxf2 Bb7 26. c3 Bh6 27. Ne7+ Kg7 28. f5 Bg5 29. Nd5 gxf5 30. Rg1 fxe4 31. Rdd1 Kh6 32. f4 Bd8 33. Ne3 Bb6 34. Ke2 Bxe3 35. Kxe3 f6 36. a4 Ng7 0-1

[Event "Vasteras op"]
[Site "Vasteras"]
[Date "2017.09.30"]
[Round "5"]
[White "Ottenklev, Niclas"]
[Black "Westerberg, Jonathan"]
[Result "0-1"]
[WhiteElo "2173"]
[BlackElo "2498"]
[PlyCount "98"]
[EventDate "2017.09.29"]
[EventType "swiss"]
[EventRounds "8"]
[EventCountry "SWE"]
[SourceTitle "EXT 2018"]
[Source "ChessBase"]
[SourceDate "2017.10.13"]
[SourceVersion "1"]
[SourceVersionDate "2017.10.13"]
[SourceQuality "1"]

1. e4 c5 2. b3 Nf6 3. e5 Nd5 4. Nc3 Nxc3 5. dxc3 Nc6 6. Nf3 Qc7 7. Bf4 e6 8. Bd3 h6 9. Qe2 b6 10. 0-0-0 a6 11. Be4 Bb7 12. h4 b5 13. c4 f5 14. Bd3 b4 15. h5 0-0-0 16. Kb1 Rg8 17. Qe3 Kb8 18. Rh3 a5 19. Rg3 Be7 20. Rg6 a4 21. Rh1 Rc8 22. Rh3 Bf8 23. Rh1 a3 24. Be2 Ne7 25. Rg3 g5 26. hxg6 Rxg6 27. Rxg6 Nxg6 28. Bxh6 Bxf3 29. Bxf8 Rxf8 30. Bxf3 Qxe5 31. Qxe5+ Nxe5 32. Be2 Kc7 33. Kc1 f4 34. Rh3 Rg8 35. Rh5 Kd6 36. Rh2 Rg5 37. Kd2 Ke7 38. Rh5 Rxh5 39. Bxh5 d5 40. cxd5 exd5 41. g3 fxg3 42. fxg3 Kf6 43. Be2 Kf5 44. c3 bxc3+ 45. Kxc3 Nc6 46. g4+ Kf4 47. g5 Kxg5 48. Bf3 Nb4 49. Bg2 Nxa2+ 0-1

[Event "SWE Cup"]
[Site "Sweden"]
[Date "2017.03.05"]
[Round "5.2"]
[White "Mohammadi, Amir"]
[Black "Ottenklev, Niclas"]
[Result "1/2-1/2"]
[WhiteElo "2297"]
[BlackElo "2184"]
[PlyCount "117"]
[EventDate "2017.01.14"]
[EventType "team-tourn"]
[EventRounds "9"]
[EventCountry "SWE"]
[SourceTitle "EXT 2018"]
[Source "ChessBase"]
[SourceDate "2017.10.13"]
[SourceVersion "1"]
[SourceVersionDate "2017.10.13"]
[SourceQuality "1"]
[WhiteTeam "Kamraterna"]
[BlackTeam "Norrkoping Schack 08"]
[WhiteTeamCountry "SWE"]
[BlackTeamCountry "SWE"]

1. e4 e6 2. d4 d5 3. Nc3 Bb4 4. Nge2 Nc6 5. a3 Ba5 6. b4 Bb6 7. Be3 Nf6 8. e5 Ng4 9. Nf4 Nxe3 10. fxe3 Qg5 11. Bb5 0-0 12. Bxc6 bxc6 13. Qh5 Qxh5 14. Nxh5 a5 15. Kd2 f6 16. exf6 gxf6 17. Na4 Kf7 18. Rhf1 Ke7 19. c3 axb4 20. axb4 Ba6 21. Rfe1 Bb5 22. Nb2 e5 23. Nd3 Ke6 24. Rf1 Rxa1 25. Rxa1 Rg8 26. Rg1 Ra8 27. Nc1 f5 28. g3 Rg8 29. dxe5 Kxe5 30. Nd3+ Kd6 31. Nhf4 Ra8 32. Nc1 c5 33. bxc5+ Bxc5 34. Nfd3 Bb6 35. Rf1 Bd7 36. Nf4 Ra3 37. Nfe2 c5 38. Rf4 Ra4 39. Rxa4 Bxa4 40. Nd3 Bb5 41. Nef4 Ba5 42. Ne2 Bxd3 43. Kxd3 c4+ 44. Kd2 Ke5 45. Nf4 Ke4 46. Ng2 Bd8 47. Ke2 Bf6 48. Kd2 Be7 49. Ke2 Bc5 50. Nf4 Bxe3 51. Nxd5 Bg1 52. Nf6+ Ke5 53. Nxh7 Bxh2 54. Kf3 f4 55. gxf4+ Bxf4 56. Nf8 Bd2 57. Nd7+ Kd5 58. Nb6+ Kc5 59. Nxc4 1/2-1/2

[Event "Malmo op"]
[Site "Malmo"]
[Date "2015.12.19"]
[Round "2"]
[White "Ottenklev, Niclas"]
[Black "Lindgren, Philip"]
[Result "0-1"]
[WhiteElo "2219"]
[BlackElo "2418"]
[PlyCount "54"]
[EventDate "2015.12.18"]
[EventType "swiss"]
[EventRounds "7"]
[EventCountry "SWE"]
[SourceTitle "EXT 2017"]
[Source "ChessBase"]
[SourceDate "2016.10.25"]
[SourceVersion "1"]
[SourceVersionDate "2016.10.25"]
[SourceQuality "1"]

1. e4 e5 2. Nf3 Nc6 3. d4 exd4 4. Bc4 Nf6 5. e5 Ng4 6. Bxf7+ Kxf7 7. Ng5+ Kg8 8. Qxg4 h6 9. Nf3 d6 10. e6 Qf6 11. 0-0 Bxe6 12. Qg3 Kh7 13. Nbd2 Bf5 14. c3 dxc3 15. bxc3 d5 16. Qxc7 Bd6 17. Qxb7 Bd3 18. Re1 Rab8 19. Qd7 Bf5 20. Qxc6 Bxh2+ 21. Kxh2 Qxc6 22. Nb3 Be4 23. Bf4 Rbe8 24. Nfd4 Qxc3 25. Rac1 Qb4 26. f3 Bd3 27. Ne6 Rxe6 0-1

[Event "Lund CellaVision Cup"]
[Site "Lund"]
[Date "2015.08.08"]
[Round "5"]
[White "Ottenklev, Niclas"]
[Black "Cramling, Pia"]
[Result "0-1"]
[WhiteElo "2212"]
[BlackElo "2512"]
[PlyCount "123"]
[EventDate "2015.08.07"]
[EventType "swiss"]
[EventRounds "8"]
[EventCountry "SWE"]
[SourceTitle "CBM 167 Extra"]
[Source "ChessBase"]
[SourceDate "2015.09.14"]
[SourceVersion "1"]
[SourceVersionDate "2015.09.14"]
[SourceQuality "1"]

1. e4 c5 2. b3 b6 3. Bb2 Bb7 4. Nc3 e6 5. Nf3 a6 6. g3 Nf6 7. Qe2 d6 8. Bg2 Nc6 9. 0-0 Be7 10. Rad1 0-0 11. d4 cxd4 12. Nxd4 Qc7 13. Kh1 b5 14. a3 Rac8 15. f4 Rfe8 16. g4 Nd7 17. g5 Nxd4 18. Rxd4 e5 19. Rd3 exf4 20. Qh5 g6 21. Qh6 Bf8 22. Qh4 Bg7 23. Rh3 Nf8 24. Qxf4 Qe7 25. Rhf3 Rc7 26. Nd5 Bxd5 27. Bxg7 Kxg7 28. exd5 Qe5 29. Qd2 Ree7 30. Rf4 Kg8 31. h4 Qb2 32. Be4 Nd7 33. h5 Nc5 34. Bg2 Nd7 35. hxg6 hxg6 36. R4f2 Qh8+ 37. Kg1 Qh4 38. Rf3 Qg4 39. Qf2 Ne5 40. Rg3 Rxc2 41. Rxg4 Rxf2 42. Kxf2 Nxg4+ 43. Kg3 Ne5 44. Rf6 Rd7 45. Bf1 Kf8 46. a4 bxa4 47. bxa4 a5 48. Bb5 Rd8 49. Rf1 Rc8 50. Kf4 Rc3 51. Ke4 Rg3 52. Rc1 Rxg5 53. Rc8+ Ke7 54. Re8+ Kf6 55. Rd8 Rg4+ 56. Ke3 Kf5 57. Ke2 Rd4 58. Rxd6 Ke4 59. Ra6 Rxd5 60. Rxa5 Nf3 61. Bc6 Nd4+ 62. Ke1 0-1

[Event "Vaxjo op"]
[Site "Vaxjo"]
[Date "2015.02.13"]
[Round "2"]
[White "Ottenklev, Niclas"]
[Black "Berg, Emanuel"]
[Result "0-1"]
[WhiteElo "2115"]
[BlackElo "2543"]
[PlyCount "124"]
[EventDate "2015.02.13"]
[EventType "swiss"]
[EventRounds "8"]
[EventCountry "SWE"]
[SourceTitle "CBM 164 Extra"]
[Source "ChessBase"]
[SourceDate "2015.03.02"]
[SourceVersion "1"]
[SourceVersionDate "2015.03.02"]
[SourceQuality "1"]

1. e4 e6 2. Qe2 c5 3. g3 Nc6 4. c3 g6 5. Bg2 Bg7 6. f4 Nge7 7. Nf3 d6 8. 0-0 0-0 9. Na3 b6 10. Nc2 a5 11. Rd1 Ba6 12. d3 Qd7 13. Rb1 Rad8 14. Qf2 f5 15. Ne3 Bxd3 16. Rxd3 fxe4 17. Rd1 exf3 18. Qxf3 d5 19. Bh3 Nf5 20. Nxf5 gxf5 21. Bg2 Ne7 22. Re1 Nc8 23. Qe2 Rfe8 24. c4 dxc4 25. Qxc4 Qd4+ 26. Qxd4 Bxd4+ 27. Be3 Bxe3+ 28. Rxe3 Rd2 29. Rb3 Red8 30. Re1 Rd1 31. Kf1 Rxe1+ 32. Kxe1 Rd6 33. a4 Kf7 34. Ke2 Ke7 35. Bf3 Kd8 36. Rd3 Rxd3 37. Kxd3 Nd6 38. h3 Ke7 39. g4 fxg4 40. hxg4 h6 41. b3 Kf6 42. Ke3 e5 43. Bd5 Ne8 44. Ke4 exf4 45. Kxf4 Nc7 46. Bc4 Ne8 47. Bd5 Nd6 48. Bc6 Nc8 49. Bd5 Ne7 50. Bc4 Nc6 51. Be2 Ne5 52. Bb5 Ke6 53. g5 hxg5+ 54. Kxg5 Kd5 55. Kf5 Nf3 56. Bc4+ Kd4 57. Ke6 Nd2 58. Bd5 Kc3 59. Kd6 Nxb3 60. Kc6 Kb4 61. Kxb6 Kxa4 62. Bc4 Kb4 0-1

[Event "SWE-chT2 0809"]
[Site "Sweden"]
[Date "2009.03.15"]
[Round "9"]
[White "Ottenklev, Niclas"]
[Black "Carlsten, Peter"]
[Result "1/2-1/2"]
[WhiteElo "2176"]
[BlackElo "2096"]
[PlyCount "98"]
[EventDate "2008.10.25"]
[EventType "team-tourn"]
[EventRounds "9"]
[EventCountry "SWE"]
[SourceTitle "EXT 2011"]
[Source "ChessBase"]
[SourceDate "2010.11.26"]
[SourceVersion "1"]
[SourceVersionDate "2010.11.26"]
[SourceQuality "1"]

1. e4 c5 2. Nf3 g6 3. g3 Bg7 4. Bg2 Nc6 5. 0-0 d6 6. c3 e5 7. Na3 Nge7 8. Nc2 Qb6 9. Rb1 Be6 10. b3 0-0 11. Bb2 Bg4 12. Ne3 Bxf3 13. Bxf3 f5 14. exf5 gxf5 15. d3 Rad8 16. Nd5 Nxd5 17. Bxd5+ Kh8 18. Bxc6 bxc6 19. c4 f4 20. f3 Bh6 21. g4 Bg5 22. Qe2 Qc7 23. Bc3 Rb8 24. Qe4 Qd7 25. Kg2 Bf6 26. Qe2 h5 27. gxh5 Rg8+ 28. Kh1 Qh3 29. Rg1 Qxh5 30. Rxg8+ Rxg8 31. Rg1 Qf5 32. Rxg8+ Kxg8 33. Qe4 Qxe4 34. dxe4 Kf7 35. Kg2 Kg6 36. Kh3 Kh5 37. Ba5 Be7 38. Bc7 Kg5 39. Bb8 a6 40. Bc7 Kh5 41. a3 Kg5 42. Ba5 Kh5 43. Bc3 Bd8 44. b4 Bb6 45. Kg2 Kg5 46. Be1 Kh5 47. Kh3 cxb4 48. Bxb4 Bc5 49. Bxc5 dxc5 1/2-1/2

[Event "SWE-chT2 0809"]
[Site "Sweden"]
[Date "2009.03.13"]
[Round "7"]
[White "Svensson, Hakan"]
[Black "Ottenklev, Niclas"]
[Result "0-1"]
[WhiteElo "2022"]
[BlackElo "2176"]
[PlyCount "128"]
[EventDate "2008.10.25"]
[EventType "team-tourn"]
[EventRounds "9"]
[EventCountry "SWE"]
[SourceTitle "EXT 2011"]
[Source "ChessBase"]
[SourceDate "2010.11.26"]
[SourceVersion "1"]
[SourceVersionDate "2010.11.26"]
[SourceQuality "1"]

1. d4 f5 2. Nc3 Nf6 3. Bg5 Nc6 4. Bxf6 exf6 5. e3 d5 6. Bb5 Qd6 7. Qf3 Be6 8. Nge2 0-0-0 9. Nf4 Ne7 10. 0-0-0 Kb8 11. Kb1 Bf7 12. Ba4 c6 13. Nd3 g6 14. Qf4 Nc8 15. g3 h5 16. h4 Bh6 17. Qxd6+ Nxd6 18. b4 a6 19. Bb3 Kc7 20. a4 Rhe8 21. a5 Re7 22. Kb2 Rde8 23. Rde1 Bf8 24. Nf4 Rb8 25. Ra1 Ree8 26. Nd3 Bh6 27. Rhe1 Rbd8 28. Nc5 Re7 29. Nd3 Rde8 30. Rg1 Bg7 31. Rh1 g5 32. Rad1 Bg6 33. Bxd5 cxd5 34. Nxd5+ Kc6 35. Nxe7+ Rxe7 36. c3 Bf7 37. Nc5 Bd5 38. Rh2 Bf3 39. Rc1 Nc4+ 40. Kb3 Bd5 41. hxg5 Nxe3+ 42. Ka4 Nc4 43. gxf6 Re2 44. Ra1 Nb2+ 45. Ka3 Kb5 46. c4+ Nxc4+ 47. Kb3 Bxf6 48. Kc3 Bf3 49. Nd3 Re4 50. Re1 Rxd4 51. Re6 Rd6+ 52. Rxf6 Rxf6 53. Rh4 Nd6 54. Ne5 Ne4+ 55. Kb3 Bd1+ 56. Kb2 Rd6 57. Rf4 Rf6 58. Nd7 Rf7 59. Ne5 Rf8 60. Nd7 Rc8 61. Rxf5+ Kxb4 62. Rd5 Rc2+ 63. Ka1 Nc3 64. Rd4+ Ka3 0-1

[Event "SWE-chT2 0809"]
[Site "Sweden"]
[Date "2009.01.17"]
[Round "4"]
[White "Ottenklev, Niclas"]
[Black "Ornstein, Axel"]
[Result "0-1"]
[WhiteElo "2176"]
[BlackElo "2448"]
[PlyCount "62"]
[EventDate "2008.10.25"]
[EventType "team-tourn"]
[EventRounds "9"]
[EventCountry "SWE"]
[SourceTitle "EXT 2011"]
[Source "ChessBase"]
[SourceDate "2010.11.26"]
[SourceVersion "1"]
[SourceVersionDate "2010.11.26"]
[SourceQuality "1"]

1. e4 c5 2. Nf3 d6 3. d4 Nf6 4. Nc3 cxd4 5. Qxd4 a6 6. Bg5 Nc6 7. Qd2 e6 8. 0-0-0 Qc7 9. Kb1 Bd7 10. Bd3 Be7 11. h3 b5 12. Rhe1 b4 13. Ne2 0-0 14. e5 dxe5 15. Bxf6 Bxf6 16. Bxh7+ Kxh7 17. Qxd7 Qb6 18. Qd3+ Kg8 19. Qe4 Rfd8 20. g4 g6 21. g5 Bg7 22. Nc1 a5 23. h4 a4 24. h5 gxh5 25. g6 f5 26. Qc4 Na5 27. Qh4 e4 28. Ng5 b3 29. cxb3 axb3 30. a3 Nc4 31. Nf7 Nd2+ 0-1

[Event "SWE-chT 0304"]
[Site "Sweden"]
[Date "2003.??.??"]
[Round "5"]
[White "Borvander, Tom"]
[Black "Ottenklev, Niclas"]
[Result "1-0"]
[WhiteElo "2250"]
[BlackElo "2230"]
[PlyCount "65"]
[EventDate "2003.10.??"]
[EventType "team"]
[EventRounds "11"]
[EventCountry "SWE"]
[SourceTitle "EXT 2005"]
[Source "ChessBase"]
[SourceDate "2004.11.15"]
[SourceVersion "1"]
[SourceVersionDate "2004.11.15"]
[SourceQuality "1"]
[WhiteTeam "Kamraterna"]
[BlackTeam "Norrkoping Schack 08"]
[WhiteTeamCountry "SWE"]
[BlackTeamCountry "SWE"]

1. d4 f5 2. g3 g6 3. Nf3 Nf6 4. Bg2 Bg7 5. c4 d6 6. 0-0 0-0 7. Nc3 Qe8 8. d5 a5 9. Nd4 Na6 10. b3 Bd7 11. Bb2 Nc5 12. a3 c6 13. b4 Nce4 14. Qd3 c5 15. bxc5 Nxc5 16. Qc2 Rc8 17. e3 Ng4 18. Rfd1 Na4 19. Nxa4 Bxa4 20. Qe2 Bxd1 21. Rxd1 Bf6 22. Ne6 Rf7 23. Rb1 Qd7 24. Bf1 Rb8 25. Qc2 Bxb2 26. Qxb2 Rf6 27. Qb6 Rxe6 28. dxe6 Qxe6 29. c5 Ne5 30. Be2 Rc8 31. cxd6 Qxd6 32. Qxb7 Rc2 33. Qb3+ 1-0